Statistics for Fortune 100 Companies

Click here to take the quiz!

General Stats

  • This quiz has been taken 50,486 times
    (10,092 since last reset)
  • The average score is 25 of 100

Answer Stats

SectorCompany% Correct
RetailWal-Mart
91%
TechApple
90%
Retail / techAmazon
79%
TechMicrosoft
72%
AutomotiveFord
71%
TechAlphabet (Google)
67%
AutomotiveTesla
66%
TechMeta (Facebook)
64%
BeverageCoca-Cola
61%
RetailTarget
56%
AirlineAmerican Airlines
55%
AutomotiveGeneral Motors
55%
BeveragePepsiCo
51%
PharmaPfizer
50%
EnergyExxon Mobil
49%
ConglomerateGeneral Electric
48%
SportswearNike
48%
TelecomAT&T
45%
AerospaceBoeing
45%
AirlineDelta Air Lines
45%
FinanceJ.P. Morgan Chase
44%
Consumer / pharmaJohnson & Johnson
43%
PharmacyCVS
42%
AirlineUnited Airlines
42%
PharmacyWalgreens
40%
TelecomVerizon
39%
FinanceBank of America
36%
MediaDisney
36%
TechIBM
30%
SemiconductorIntel
30%
RetailCostco
29%
TechDell
28%
FinanceWells Fargo
27%
ConglomerateBerkshire Hathaway
26%
EnergyChevron
26%
SupermarketKroger
26%
InsuranceState Farm
26%
PaymentsAmerican Express
24%
LogisticsFedEx
24%
FinanceGoldman Sachs
24%
TechHewlett-Packard
24%
DefenseLockheed Martin
24%
LogisticsUPS
24%
ConsumerProcter & Gamble
23%
FinanceCiti
21%
RetailHome Depot
19%
RetailBest Buy
18%
InsuranceAllstate
17%
TelecomComcast
17%
ChemicalDow
17%
FinanceMorgan Stanley
16%
InsuranceProgressive
16%
TechCisco
15%
PharmaMerck
15%
DefensiveRaytheon
15%
AgricultureDeere
14%
RetailLowe's
14%
SupermarketPublix
14%
Health careUnitedHealth
14%
MortgageFannie Mae
12%
EnergyPhillips66
12%
SupermarketAlbertsons
11%
MortgageFreddie Mac
11%
InsuranceAIG
10%
IndustrialCaterpillar
10%
Health careCigna
10%
EnergyConocoPhillips
10%
FoodTyson Foods
10%
InsuranceLiberty Mutual
9%
InsuranceMetLife
9%
InsuranceNationwide
9%
FinancePrudential
9%
Health careElevance Health
8%
Health careHumana
8%
EnergyMarathon
8%
Health careMcKesson
8%
Oil refineryValero Energy
8%
PharmaAbbVie
7%
FoodArcher Daniels Midland
7%
Health careCardinal Health
7%
SemiconductorQualcomm
7%
FoodSysco
7%
RetailTJ Maxx
7%
PharmaAbbott Laboratories
6%
PharmaAmerisourceBergen
6%
TelecomCharter Communications
6%
Health careHCA
6%
InsuranceNew York Life
6%
PharmaBristol-Myers Squibb
5%
Health careCentene
5%
HealthCHS
5%
Oil pipelines
Enterprise Products Partners
5%
Oil pipelinesEnergy Transfer
5%
FinanceStoneX Group
5%
Lab equipmentThermo Fisher
5%
Oil refineryPBF Energy
4%
Oil pipelinesPlains GP
4%
IT ServicesTD Synnex
4%
Energy servicesWorld Fuel Services
4%
FoodPerformance Food Group
3%

Score Distribution

Percentile by Number Answered

Percent of People with Each Score

Your Score History

You have not taken this quiz since the last reset